000 00795nam a22002897a 4500
003 UA-OsUOA
001 25291
007 ta
008 20040330b un ||||| |||| 00| 0 ukr d
100 _aГонсалес-Фернандес А.
700 _aШидловская Н.М.
700 _aДементьев А.В.
090 _a811.134.2
_bГ65
942 _cBK
040 _aUA-OsUOA
_brus
_cUA-OsUOA
_dUA-OsUOA
245 _aСамоучитель испанского языка
_bУчеб. пособие
300 _a318 с.
955 _a0
041 _arus
080 _a811.134.2
020 _a5-06-003602-2
260 _aМосква
_bВысшая школа
_c2004
044 _aRU
250 _n4-е изд., испр. и доп.
650 7 _2UDC
999 _c311584
_d311584